Winter vegetables and spices production / (Record no. 5687)
[ view plain ]
| 000 -LEADER | |
|---|---|
| fixed length control field | 00840nam a22002297a 4500 |
| 001 - CONTROL NUMBER | |
| control field | BD-DhSAU 5687 |
| 003 - CONTROL NUMBER IDENTIFIER | |
| control field | BD-DhSAU |
| 005 - DATE AND TIME OF LATEST TRANSACTION | |
| control field | 20150418121742.0 |
| 008 - FIXED-LENGTH DATA ELEMENTS--GENERAL INFORMATION | |
| fixed length control field | 150418b1995 bg a|||| |||| 00| 0 eng d |
| 040 ## - CATALOGING SOURCE | |
| Original cataloging agency | BD-DhSAU |
| 082 ## - DEWEY DECIMAL CLASSIFICATION NUMBER | |
| Edition number | 22 |
| Classification number | 338.1750202 |
| Item number | HOT |
| 100 ## - MAIN ENTRY--PERSONAL NAME | |
| Personal name | Hoque, M. Mafizul |
| 245 ## - TITLE STATEMENT | |
| Title | Winter vegetables and spices production / |
| Statement of responsibility, etc. | M. Mafizul Hoque, Bangladesh Agricultural development Corporation |
| 260 ## - PUBLICATION, DISTRIBUTION, ETC. (IMPRINT) | |
| Place of publication, distribution, etc. | Dhaka, Bangladesh : |
| Name of publisher, distributor, etc. | Bangladesh Agricultural development Corporation , |
| Date of publication, distribution, etc. | c1995. |
| 300 ## - PHYSICAL DESCRIPTION | |
| Extent | vi, 284 p. : |
| Other physical details | ill. ; |
| Dimensions | 29 cm. |
| 440 ## - SERIES STATEMENT/ADDED ENTRY--TITLE | |
| Title | Training Manual |
| 590 ## - Name of Cataloguer | |
| Name of Cataloger | Jerin |
| 650 ## - SUBJECT ADDED ENTRY--TOPICAL TERM | |
| Topical term or geographic name as entry element | vegetables |
| 650 ## - SUBJECT ADDED ENTRY--TOPICAL TERM | |
| Topical term or geographic name as entry element | spices production |
| 710 ## - ADDED ENTRY--CORPORATE NAME | |
| Corporate name or jurisdiction name as entry element | Department of agricultural extension, Bangladesh Agricultural development Corporation |
| 711 ## - ADDED ENTRY--MEETING NAME | |
| Meeting name or jurisdiction name as entry element | Horticulture research and development project, FAO/UNDP/AsDB |
| 942 ## - ADDED ENTRY ELEMENTS (KOHA) | |
| Source of classification or shelving scheme | Dewey Decimal Classification |
| Koha item type | Book |
| Withdrawn status | Lost status | Source of classification or shelving scheme | Damaged status | Not for loan | Coded location qualifier | Home library | Branch Name | Shelving location | Date acquired | Coded location qualifier | Total Checkouts | Full call number | Barcode | Date last seen | Price effective from | Koha item type |
|---|---|---|---|---|---|---|---|---|---|---|---|---|---|---|---|---|
| Dewey Decimal Classification | | | SAU Library | SAU Library | General Stacks | 15/09/1996 | | | 338.1750202 HOT | 26790 | 18/04/2015 | 18/04/2015 | Book | |||||
| Dewey Decimal Classification | SAU Library | SAU Library | General Stacks | 15/09/1996 | 338.1750202 HOT | 26789 | 19/06/2015 | 19/06/2015 | Book |
